Mount Rushmore of Sports - Midwest - Statistics

General Stats
  • This quiz has been taken 9 times
  • The average score is 15 of 36
Answer Stats
City League Athlete % Correct
Cleveland NBA LeBron James
100%
Chicago NBA Michael Jordan
100%
Detroit NBA Isiah Thomas
75%
Cleveland NFL Jim Brown
75%
Cleveland NFL Joe Thomas
75%
Minneapolis NBA Kevin Garnett
75%
Chicago NFL Walter Payton
75%
Milwaukee NFL Brett Favre
63%
Milwaukee NBA Giannis Antetokounmpo
63%
Houston NBA Hakeem Olajuwon
63%
Pittsburgh NFL Joe Greene
63%
Milwaukee NFL Aaron Rodgers
50%
Detroit NFL Barry Sanders
50%
Minneapolis NFL Fran Tarkenton
50%
Toronto NBA Kyle Lowry
50%
Chicago NHL Bobby Hull
38%
St. Louis NHL Brett Hull
38%
Pittsburgh NFL Franco Harris
38%
Detroit NHL Gordie Howe
38%
Houston MLB José Altuve
38%
Pittsburgh NHL Mario Lemieux
38%
Pittsburgh MLB Roberto Clemente
38%
St. Louis MLB Albert Pujols
25%
Detroit MLB Al Kaline
25%
St. Louis MLB Bob Gibson
25%
Houston NFL Earl Campbell
25%
Minneapolis MLB Kirby Puckett
25%
Toronto NHL Mats Sundin
25%
Cleveland MLB Bob Feller
13%
Chicago MLB Ernie Banks
13%
Milwaukee MLB Hank Aaron
13%
Minneapolis MLB Harmon Killebrew
13%
Houston NFL J.J. Watt
13%
St. Louis MLB Stan Musial
13%
Toronto NHL Darryl Sittler
0%
Toronto MLB Dave Stieb
0%
No matching quizzes found
Score Distribution
Percent of People with Each Score
Percentile by Number Answered
Your Score History
You have not taken this quiz